000 00682nam a2200253Ia 4500
008 160321s9999||||xx |||||||||||||| ||und||
040 _cEnglish
082 _aXI.A/Majumdar
082 _bBORI-15952
100 _aR. C. Majumdar
245 4 _aThe Sepoy Mutiny And The Revolt Of 1957
300 _aXvii+289
300 _cB
300 _eHardbound
530 _u00069545.pdf
563 _aStudy
600 _aR. C. Majumdar
630 _aThe Sepoy Mutiny And The Revolt Of 1957
650 _a"Politics,History and Historiography"
650 _aGeneral Indology
700 _aR. C. Majumdar
730 _aThe Sepoy Mutiny And The Revolt Of 1957
942 _cBOOK
999 _c1357841
_d1357838